| 000 | 00675nam a2200193 i 4500 | ||
|---|---|---|---|
| 001 | 182763 | ||
| 003 | ES-MaACL | ||
| 005 | 20250915063105.0 | ||
| 007 | t| | ||
| 008 | 131030s1985 sp ||||1| spa d | ||
| 100 | 1 |
_aMartínez Val, José María, _d1916- _978455 |
|
| 245 | 1 | 1 |
_a¿Reforma del Tribunal Constitucional o reforma de la Constitución / _cpor José María Martínez Val. |
| 260 |
_aValencia : _bRevista General de Derecho, _c1985. |
||
| 300 |
_aP.[43]-53 ; _c24 cm. |
||
| 500 | _aSeparata de: Revista General de Derecho, 1985, nº. 484-485. | ||
| 610 | 1 |
_aEspaña. _bTribunal Constitucional. _94001 |
|
| 852 |
_aES-MaACL _j2327-F-29 |
||
| 999 |
_c182763 _d182763 |
||